000 00922cam a2200253 a 4500
001 000010047
005 20200929161822.0
008 080123s1996 pr 001 0 spa d
020 _a0865814813
035 _a(OCoLC)ocm36441414
040 _aDO-SdBNP
_cNYP
_dIXA
_dDLC
_dBNPHU
041 1 7 _aspaeng
_hspa
_2Código de idioma MARC
082 _aPR861.44
_bV181e
100 1 _aValle, Carmen,
_d1948-
_925019
245 1 0 _aEntre la vigilia y el sueño de las fieras =
_bWild animals between walking and dreaming /
_cCarmen Valle ; tradución, Chris Brandt.
246 3 1 _aWild animals between walking and dreaming
260 _aSan Juan, Puerto Rico :
_bInstituto de Cultura Puertorriqueña,
_c1996.
300 _a78 p. ;
_c15 cm.
650 4 _aPoesía puertorriqueña
_91015
650 4 _aLiteratura puertorriqueña
_9250
700 1 _aBrandt, Chris,
_etr.
_925020
910 _aCatalogación por copia / LC
049 _aBNGR
999 _c9806
_d9806